01905cas a2200445 450000100090000000300060000900500170001500700030003200800410003501000170007601600180009302200170011103500240012803700790015204001340023104200140036505000170037908200130039621000150040922200150042424500160043926000630045530000210051831000140053936200130055344000300056650000310059650000990062750003150072653000300104161000500107165000270112165000320114865000290118070000320120971000360124177600600127777600500133778000720138711171742AUA.120130509143526.0t|731115c19739999kyuqr p 0 a0eng  a 73644873 7 a0117649692Uk a0091-829621 a(OCoLC)ocm01787681  bLorraine Pellon, Business Manager, P.O. Box 1041, New Canaan, Conn., 06840 aDLCbengcDLCdOCoLCdNSDPdNSTdAIPdNSDPdNSTdMHdOCoLCdDLCdOCoLCdATLAdOCoLCdCaQQLdZP2dOCoLCdUKMGBdUkLSOAdOCoLCdDLC apccansdp00aBV2000b.M5504a266/.0070 aMissiology 0aMissiology00aMissiology. a[Wilmore, Ky, etc.,bAmerican Society of Missiology]c1996 av.bill.c23 cm. aQuarterly0 aJul 1996 aMissiology.vVol.24, No.3 a"An international review." aVols. for published for the American Society of Missiology by Sage Publications. aArticles: Witchcraft and the gospel: insights from Africa; Confessions of a languagelical heretic; Why confess? A response to John Carpenter; A model for a Muslim-culture church; Naming the conversion we seek; Western protestant ministry in the Former Soviet Bloc: are there lessons that could apply to China?  aAlso issued in online ed.24aAmerican Society of Missiology.vPeriodicals. 0aMissionsvPeriodicals. 6aMissiologievPériodiques. 6aMissionsvPériodiques. aDarrell L. WhitemaneEditor2 aAmerican Society of Missiology.1 tMissiology (Online)w(DLC) 2004221990w(OCoLC)5734693608iOnline version:tMissiologyw(OCoLC)75993361302tPractical anthropologyx0032-633Xw(DLC) 63038045w(OCoLC)1762756